| 000 | 00578nam a2200205Ia 4500 | ||
|---|---|---|---|
| 005 | 20220729142352.0 | ||
| 008 | 131103s9999 xx 000 0 und d | ||
| 040 | _aLoreto College | ||
| 041 | _aEnglish | ||
| 082 |
_a551.40954 _bAHM |
||
| 100 | _aAhmed, E. | ||
| 245 |
_aCoastal geomorphology of India _cE.Ahmed |
||
| 260 |
_aDelhi _bOrient Longman _c1072 |
||
| 300 |
_aix, 222 p. _b ill., fig., maps. |
||
| 504 | _aIncludes bibliographical references and index | ||
| 650 | _aGeology | ||
| 651 | _aGeology - Geomorphology and hydrosphere | ||
| 850 | _aLCLIB | ||
| 942 | _cBK | ||
| 999 |
_c2757 _d53236 |
||